Smart Growth (Бичлэгийн дугаар. 146840)
| 000 -УДИРДЛАГА | |
|---|---|
| Удирдлага | 00978nam a22002537a 4500 |
| 003 - ХЯНАЛТЫН ТОО ТОДОРХОЙЛОГЧ | |
| Код | MN-UlNUM |
| 005 - БИЧИЛТ ХИЙСЭН ОГНОО | |
| Тухайн бичилтийг бичсэн засварласан сүүлийн огноо | 20260401181940.0 |
| 008 - ЕРӨНХИЙ МЭДЭЭЛЭЛ | |
| Ерөнхий мэдээлэл | 260401s1989 caua b 001 0 eng |
| 020 ## - ISBN | |
| ISBN | 1555421709 |
| -- | 1555421700 |
| 040 ## - БИЧЛЭГ ҮҮСГЭГЧ БАЙГУУЛЛАГА | |
| Бичлэг үүсгэгч номын сангийн код | МУИС-ийн номын сан |
| 084 ## - ББК АНГИЛАЛ | |
| Нэмэлт тусгалт | Нэг сэдэвт бүтээл |
| ББК ангилал | 65.290-2 |
| Зохиогчийн гурван тэмдэгт | P 78 |
| Мэдлэгийн ялгаа | 65 - Эдийн засаг |
| 100 ## - ЗОХИОГЧ | |
| Зохиогчийн нэр | Poza, Ernesto J |
| 245 ## - ҮНДСЭН ГАРЧИГ | |
| Номын нэр | Smart Growth |
| Бага гарчгийн мэдээ | critical choices for business continuity and prosperity |
| 260 ## - ГАРАЛТЫН МЭДЭЭ | |
| Хэвлэгдсэн газар | San Francisco |
| Хэвлэлийн газар | Jossey-Bass |
| Хэвлэгдсэн он | 1989 |
| 300 ## - МАТЕРИАЛЫН ТОДОРХОЙЛОЛТ | |
| хуудасны тоо | xx, 211 p. : |
| Бусад тоон мэдээлэл | ill. ; |
| Хэмжээ | 24 cm |
| 500 ## - Тайлбар | |
| Дансны дугаар | БС 4463 |
| 505 ## - Агуулгын тэмдэглэгээ | |
| Агуулгын тэмдэглэгээ | Offers small, closely held companies a step-by-step plan for stimulating, financing, and building growth to ensure continued success. Explains how to identify such growth opportunities as new products, licensing and franchising, and outside investments that drive growth while controlling risk. |
| 546 ## - ХЭЛНИЙ ТУХАЙ МЭДЭЭ | |
| Хэл | Англи хэл дээр, |
| 653 ## - Түлхүүр үг | |
| Түлхүүр үг | close corporations |
| 653 ## - Түлхүүр үг | |
| Түлхүүр үг | management |
| 942 ## - ЭЛЕМЕНТИЙН ТӨРӨЛ | |
| Зүйлийн төрөл | Ном |
